| 000 | 00552nam a2200193Ia 4500 | ||
|---|---|---|---|
| 003 | GCL | ||
| 008 | 140319s9999 xx 000 0 eng d | ||
| 040 |
_aGCL / _cGCL |
||
| 082 | 0 | 4 |
_a155.24 _bM P |
| 100 | 1 | _aMCKINNEY, FRED | |
| 245 | 1 | 0 |
_a"PSYCHOLOGY OF PERSONAL ADJUSTMENT: STUDENTS"" INTRODUCTION TO MENTAL HYGIENE" / _cMCKINNEY, FRED |
| 260 |
_a[S.N] : _bJOHN WILEY AND SONS. INC ، _c1967 |
||
| 300 | _a490 P | ||
| 650 | 0 | 4 | _aSTUDENT ADJUSTMENT |
| 650 | 0 | 4 | _aACCOMODATIONS |
| 650 | 0 | 4 | _aADAPTATIONS |
| 650 | 0 | 4 | _aADJUSTMENT |
| 942 |
_2ddc _cBK |
||
| 999 |
_c13371 _d13371 |
||